000 02661nam0a22003851 4500
001 rc\4038907
005 20260409070058.0
021 _aRU
_b[48-34811]
035 _a(NLR Aleph) 008097716
090 _a9224131
_c9224131
100 _a20130415d1948 k y0rusy50 ca
101 0 _arus
102 _aRU
105 _ac z 1||||
200 1 _aО положении в биологической науке
_eдоклад на сессии Академии сельскохозяйственных наук им. В.И. Ленина 31-го июля 1948 г.
_fакадемик Т.Д. Лысенко
205 _a2-е изд.
210 _aМосква
_cСельхозгиз
_d1948
_gтипография "Красный пролетарий"
215 _a64 с.
_cпортр.
_d20
327 0 _aВ книге также: Постановление сессии Всесоюзной академии сельскохозяйственных наук им. В.И. Ленина по докладу академика Т.Д. Лысенко "О положении в биологической науке"
464 0 _12001#$aПостановление сессии Всесоюзной академии сельскохозяйственных наук имени В.И. Ленина по докладу академика Т.Д. Лысенко "О положении в биологической науке"
_tПостановление сессии Всесоюзной академии сельскохозяйственных наук имени В.И. Ленина по докладу академика Т.Д. Лысенко "О положении в биологической науке"
606 _aДарвинизм
_xФилософские основы
_9924900
_3RU\NLR\AUTH\66339582
606 _aЭволюция (биол.)
_3RU\NLR\AUTH\66136599
_91142724
606 _aНаследственность
_9930489
_3RU\NLR\AUTH\6623965
606 _aГенетика
_91002501
_3RU\NLR\AUTH\6662703
606 _aБиология
_xМичуринское учение
_91145260
_3RU\NLR\AUTH\66138000
606 1 _aБиология
_jСъезды, совещания и т. п.
_xНаучная пропаганда
_91180340
_3RU\NLR\AUTH\66157223
686 1 _aЕ022
700 1 _4070
_7ca
_8rus
_aЛысенко
_bТ. Д.
_f1898-1976
_gТрофим Денисович
_3RU\NLR\AUTH\770252230
_9252174
711 0 2 _aВАСХНИЛ
_bСессия
_f1948, июль-август
_3RU\NLR\AUTH\8817706
_9308634
801 0 _aRU
_bNLR
_gpsbo
801 1 _aRU
_bELAR
_2rusmarc
852 _aNLR
_jБл02 Г-4/163
942 _cBOOK
980 _aNB